Normal view
MARC view
Entry Personal Name
001 - CONTROL NUMBER
- control field: 63713
003 - CONTROL NUMBER IDENTIFIER
- control field: OSt
005 - DATE AND TIME OF LATEST TRANSACTION
- control field: 20221124165936.0
008 - FIXED-LENGTH DATA ELEMENTS
- fixed length control field: 221124|| aca||aabn | a|a d
040 ## - CATALOGING SOURCE
- Original cataloging agency: OSt
- Transcribing agency: OSt
100 ## - HEADING--PERSONAL NAME
- Personal name: PATGAVKAR (Chandrakanth)
670 ## - SOURCE DATA FOUND
- Source citation: Work cat.: (OSt): Chandrakanth Patgavkar चंद्रकांत पाटगाँवकर 63711, S M Joshi यस एम जोशी , 2003